000 00534nam a2200193Ia 4500
005 20250923150008.0
008 008 250917s9999 xx 000 0 eng d
037 _aTextual
040 _aDSWL
_beng
_cDSWL
041 _aeng
_2eng
084 _aX:75x2, N97
_qDSWL
245 0 _aChallenges of Economic Reforms
_cEd. by B.P. Gupta
260 _aDelhi
_bB.R. Pub. Corporation
_c1997
300 _axiv,300 p.
365 _aINR
_b350.00
925 _g350.00
942 _cTEXL
_hX:75x2, N97
999 _c1458286
_d1458286